Versos /

Guardado en:
Autor Principal: Lejarraga, Berta G. De
Formato: Libro
Publicado: Buenos Aires : Inter Nos, 1941
Materias:
Etiquetas: Agregar Etiqueta
Sin Etiquetas, Sea el primero en etiquetar este registro!
LEADER 00541nam a22001935a 4500
001 CEM.cems012789
005 20080305185730.0
008 130507s1941##################000#0#####d
003 CEMS
082 0 4 |a A861.4 
100 1 |a Lejarraga, Berta G. De 
245 1 0 |a Versos /  |c Berta Gastañaga de Lejarraga 
260 |a Buenos Aires :  |b  Inter Nos,  |c 1941 
300 |a 66 p. 
653 |a Literatura 
653 |a Literatura argentina 
653 |a Poesía 
653 |a Poesía bahiense 
859 |a CEMS  |b BIB. CEMS - 11 de abril  |h A861.4  |i L537-1  |p 25042.08  |t Ej.1